000 01020cab a2200229 4500
001 E84572
008 090401t1997 xxu||||| |||| 00| 0 eng d
035 _a(Sirsi) u78968
041 _aeng
245 _aHamilton v City of Glasgow District Council
260 _c1997
350 _a0
490 _aScots Law Times
_v1997 SLT 243-248(6)
520 _aExtra Division. 21 June 1996. Landlord and tenant - public sector housing - tenants` rights - purchase of dwwellinghouse - price - discount on market value - periods of occupation to be taken into account in calculation of discount - wife succeeding husband as tenant and son succeeding mother - whether son succeeded indirectly to rights of father - Housing (Scotland) Act 1987 (c26), s61(10)(a)(iv).
650 _aHOUSING (SCOTLAND) ACT 1987 S61
650 _aHOUSING (SCOTLAND) ACT 1987
650 _aPUBLIC SECTOR HOUSING
650 _aRIGHT TO BUY
690 _aLANDLORD AND TENANT-CASE LAW-RESIDENTIAL TENANCIES
942 _n0
948 _c17/06/1997
999 _c49623
_d49623